| 000 | 00759nam a2200229 i 4500 | ||
|---|---|---|---|
| 001 | 7560 | ||
| 003 | ES-MaACL | ||
| 005 | 20231220210524.0 | ||
| 007 | t| | ||
| 008 | 910305s1989 sp |||| | spa d | ||
| 020 | _a84-397-1627-3 | ||
| 080 | _a86-146.2"18" | ||
| 100 | 1 |
_aRivas, Ángel de Saavedra, _cDuque de, _d1791-1865 _997550 |
|
| 245 | 1 | 3 |
_aUn castellano leal y otros romances históricos / _cDuque de Rivas ; selección y prólogo de Carmen Bravo-Villasante. |
| 260 |
_aMadrid : _bMontena, _cD.L. 1989. |
||
| 300 |
_a132 p. ; _c22 cm. |
||
| 490 | 1 |
_aCarnaval de las letras ; _v16 |
|
| 700 | 1 |
_aBravo-Villasante, Carmen, _d1918-1994 _931507 |
|
| 830 | 0 |
_aCarnaval de las letras ; _v16 _9177324 |
|
| 852 |
_aES-MaACL _jL-14833 |
||
| 999 |
_c7560 _d7560 |
||